| 000 | 00783nam a22002297a 4500 | ||
|---|---|---|---|
| 005 | 20120824122823.0 | ||
| 008 | 120824t xxu||||| |||| 00| 0 eng d | ||
| 010 | _aENG-105626 | ||
| 020 |
_c400.00 _a9788184301168 |
||
| 035 | _aEN-89159 | ||
| 037 | _bDBAD/PUB | ||
| 040 |
_aDPL _bEng |
||
| 082 | _a333.7516 | ||
| 100 | _951282 | ||
| 245 |
_aForests for sustainability / _cedited by D.N. Tewari |
||
| 260 |
_aNew Delhi _bOcean Books _c2012 |
||
| 270 |
_a4/19 Asaf Ali Road _bNew Delhi _e110002 |
||
| 300 |
_a272p. : _c22cm(Hb) _bill. |
||
| 700 |
_aTewari, D.N. _951456 |
||
| 942 |
_2ddc _cEN _mFOR _h333.7516 |
||
| 999 |
_c69290 _d69290 |
||